[Event "Mülheim-Nord III - Münster"]
[Site "?"]
[Date "2024.01.28"]
[Round "5.1"]
[White "Holtel, Jasper"]
[Black "Walter, Andreas"]
[Result "1/2-1/2"]
[WhiteElo "2332"]
[BlackElo "2165"]
[PlyCount "81"]
[EventDate "2024.??.??"]
[SourceVersionDate "2023.09.04"]

1. e4 c5 2. Nf3 d6 3. Bb5+ Nc6 4. O-O Bd7 5. Re1 a6 6. Bf1 Bg4 7. h3 Bxf3 8. Qxf3 Nf6 9. d3 e6 10. c3 Be7 11. Bf4 O-O 12. Nd2 b5 13. a3 d5 14. e5 Nd7 15. Qg4 Re8 16. Nf3 a5 17. h4 b4 18. h5 Kh8 19. h6 g6 20. axb4 axb4 21. d4 c4 22. Bg5 Kg8 23. Qf4 Bxg5 24. Nxg5 Qe7 25. g3 Nb6 26. Nf3 Rxa1 27. Rxa1 Ra8 28. Rxa8+ Nxa8 29. Bh3 Nb6 30. Kg2 Nd7 31. Qc1 b3 32. Qa1 Ndb8 33. Kf1 Qa7 34. Qc1 Nd7 35. Ng5 Nb6 36. Kg2 Qe7 37. Nf3 Qa7 38. Bg4 Qe7 39. Bh3 Qa7 40. Bg4 Qe7 41. Bh3 1/2-1/2

[Event "Mülheim-Nord III - Münster"]
[Site "?"]
[Date "2024.01.28"]
[Round "5.2"]
[White "Helmer, Christoph"]
[Black "Wichtrup, Jan-Louis"]
[Result "1/2-1/2"]
[WhiteElo "2193"]
[BlackElo "2105"]
[PlyCount "79"]
[EventDate "2024.??.??"]
[SourceVersionDate "2023.09.04"]

1. e4 e5 2. Nf3 Nc6 3. Bb5 Nf6 4. O-O Nxe4 5. Re1 Nd6 6. Nxe5 Be7 7. Bf1 Nxe5 8. Rxe5 O-O 9. d4 Ne8 10. c3 d6 11. Re1 d5 12. Bd3 c6 13. Bf4 Bd6 14. Be5 g6 15. Nd2 f6 16. Bxd6 Nxd6 17. Qf3 Bf5 18. Bxf5 Nxf5 19. Nb3 b6 20. Re2 Qd7 21. Rae1 Rae8 22. Kf1 Kg7 23. Nc1 Nd6 24. Rxe8 Rxe8 25. Rxe8 Qxe8 26. Nd3 a5 27. Qe2 Qd7 28. f3 Kf7 29. Qe3 g5 30. g4 h5 31. h3 Ne8 32. Nf2 Ng7 33. f4 hxg4 34. hxg4 Ne6 35. fxg5 Nxg5 36. Qf4 Qe7 37. Nd3 Kg7 38. Nf2 Kf7 39. Nd3 Kg7 40. Nf2 1/2-1/2

[Event "Mülheim-Nord III - Münster"]
[Site "?"]
[Date "2024.01.28"]
[Round "5.3"]
[White "Muschik, Benedikt"]
[Black "Oltmanns, Jan"]
[Result "1/2-1/2"]
[WhiteElo "2269"]
[BlackElo "2160"]
[PlyCount "104"]
[EventDate "2024.??.??"]
[SourceVersionDate "2023.09.04"]

1. d4 d5 2. Bf4 c5 3. e3 Nc6 4. c3 Nf6 5. Nd2 Qb6 6. Qb3 c4 7. Qc2 g6 8. e4 e5 9. exd5 Nxd4 10. cxd4 exf4 11. Bxc4 Bg7 12. Ngf3 O-O 13. O-O Rd8 14. Ne4 Nxd5 15. Nc3 Be6 16. Nxd5 Bxd5 17. Bxd5 Rxd5 18. Qe4 Qd6 19. Rfe1 Bf6 20. Ne5 Re8 21. Qf3 Rxd4 22. Ng4 Re7 23. Nxf6+ Qxf6 24. Rxe7 Qxe7 25. h3 Re4 26. Kh2 Qe5 27. Rd1 Re2 28. Rd4 Rxb2 29. Re4 Qc7 30. a4 a5 31. Qd1 f3+ 32. Kg1 Rc2 33. Re8+ Kg7 34. Qd4+ f6 35. gxf3 Rc5 36. h4 Re5 37. Rd8 Re7 38. Rd6 Rf7 39. Kg2 Qc2 40. Rd5 Qc7 41. Rd6 Qc8 42. Rd5 Rc7 43. h5 Qe6 44. Rxa5 Rc4 45. Qd8 gxh5 46. Rxh5 Qf7 47. Rh3 h6 48. Qd2 h5 49. Rg3+ Kh7 50. Qd3+ Kh6 51. Qd8 Kh7 52. Qd3+ Kh6 1/2-1/2

[Event "Mülheim-Nord III - Münster"]
[Site "?"]
[Date "2024.01.28"]
[Round "5.4"]
[White "Kuipers, Dustin"]
[Black "Wolter, Kai"]
[Result "1/2-1/2"]
[WhiteElo "2100"]
[BlackElo "2164"]
[PlyCount "31"]
[EventDate "2024.??.??"]
[SourceVersionDate "2023.09.04"]

1. Nf3 g6 2. d4 Nf6 3. g3 Bg7 4. b3 O-O 5. Bb2 d5 6. Bg2 c6 7. Nbd2 a5 8. a3 a4 9. O-O axb3 10. cxb3 Nbd7 11. Qc1 Re8 12. h3 Qb6 13. e3 h6 14. b4 Nh7 15. Nb3 Ndf6 16. Nc5 1/2-1/2

[Event "Mülheim-Nord III - Münster"]
[Site "?"]
[Date "2024.01.28"]
[Round "5.5"]
[White "Rott, Georg"]
[Black "Mainusch, Martin"]
[Result "1/2-1/2"]
[WhiteElo "2124"]
[BlackElo "2063"]
[PlyCount "101"]
[EventDate "2024.??.??"]
[SourceVersionDate "2023.09.04"]

1. e4 e6 2. d4 d5 3. Nd2 c5 4. exd5 Qxd5 5. Ngf3 cxd4 6. Bc4 Qd6 7. O-O Nf6 8. Nb3 Nc6 9. Nbxd4 Nxd4 10. Qxd4 Qxd4 11. Nxd4 Bd7 12. Bf4 Rc8 13. Bd3 Bc5 14. Nb3 Be7 15. c4 O-O 16. Rfc1 Rfd8 17. Be2 Be8 18. Be3 b6 19. a4 Ne4 20. f3 Nc5 21. Nxc5 bxc5 22. b4 cxb4 23. a5 Bc5 24. Kf2 Bxe3+ 25. Kxe3 Kf8 26. Rcb1 Rb8 27. Rb2 Rdc8 28. a6 Rb6 29. Ra5 Ke7 30. c5 Rbc6 31. Kd4 Rd8+ 32. Kc4 e5 33. Kxb4 Rb8+ 34. Kc3 Rxb2 35. Kxb2 Rh6 36. h3 Rg6 37. Bf1 Bc6 38. Kc3 f5 39. Ra2 Kd7 40. Kc4 Kc7 41. Re2 Re6 42. Re3 f4 43. Re1 e4 44. fxe4 Rxe4+ 45. Rxe4 Bxe4 46. Kd4 Ba8 47. Ke5 f3 48. gxf3 Bxf3 49. Bb5 g5 50. Kf5 Bg2 51. Kxg5 1/2-1/2

[Event "Mülheim-Nord III - Münster"]
[Site "?"]
[Date "2024.01.28"]
[Round "5.6"]
[White "Roitburd, Talik"]
[Black "Wilde, Pierre"]
[Result "1/2-1/2"]
[WhiteElo "2128"]
[BlackElo "2203"]
[PlyCount "32"]
[EventDate "2024.??.??"]
[SourceVersionDate "2023.09.04"]

1. e4 c5 2. Nf3 a6 3. d3 Nc6 4. g3 g6 5. Bg2 Bg7 6. O-O e5 7. c3 Nge7 8. Bg5 O-O 9. Qc1 d6 10. Bh6 Be6 11. Na3 f6 12. Be3 Rc8 13. Qd2 Qd7 14. d4 cxd4 15. cxd4 exd4 16. Nxd4 Nxd4 1/2-1/2

[Event "Mülheim-Nord III - Münster"]
[Site "?"]
[Date "2024.01.28"]
[Round "5.7"]
[White "Kamp, Christoph"]
[Black "Schmidt, Kevin"]
[Result "1/2-1/2"]
[WhiteElo "2187"]
[BlackElo "1987"]
[PlyCount "61"]
[EventDate "2024.??.??"]
[SourceVersionDate "2023.09.04"]

1. c4 c5 2. Nf3 Nc6 3. d4 cxd4 4. Nxd4 Nf6 5. Nc3 g6 6. e4 d6 7. Be2 Bg7 8. Be3 O-O 9. O-O Nxd4 10. Bxd4 Nd7 11. Bxg7 Kxg7 12. Bg4 Nf6 13. Bxc8 Rxc8 14. Qd4 Qa5 15. Rfd1 Qc5 16. b3 Qxd4 17. Rxd4 a6 18. a4 a5 19. f3 h5 20. Kf2 Rc5 21. Rad1 Rfc8 22. Nd5 Nxd5 23. exd5 R5c7 24. Re1 f6 25. Rde4 Kf7 26. R1e2 Rh8 27. h4 b6 28. g3 Rg8 29. Re1 Rh8 30. Rb1 Rhc8 31. Rbe1 1/2-1/2

[Event "Mülheim-Nord III - Münster"]
[Site "?"]
[Date "2024.01.28"]
[Round "5.8"]
[White "Grodotzki, Kenneth"]
[Black "Wieder, Heiner"]
[Result "1/2-1/2"]
[WhiteElo "1960"]
[BlackElo "2091"]
[PlyCount "81"]
[EventDate "2024.??.??"]
[SourceVersionDate "2023.09.04"]

1. f4 f5 2. Nf3 Nf6 3. g3 g6 4. Bg2 Bg7 5. O-O O-O 6. c4 d6 7. Nc3 e5 8. d3 Nc6 9. Rb1 a5 10. a3 h6 11. Bd2 Be6 12. Qb3 Qd7 13. Nh4 Kh7 14. Nd5 Nd4 15. Qd1 Ne8 16. Nc3 e4 17. e3 Nc6 18. dxe4 Bxc4 19. exf5 gxf5 20. Re1 Nf6 21. Qc2 Be6 22. e4 Ng4 23. Bf3 Nd4 24. Qd3 Nxf3+ 25. Qxf3 Rae8 26. exf5 Bxf5 27. Nxf5 Qxf5 28. Qd5 Qxd5 29. Nxd5 c6 30. Nc3 Bd4+ 31. Kg2 Kg6 32. Ne4 d5 33. h3 dxe4 34. hxg4 b6 35. Bc3 c5 36. Rbd1 Bxc3 37. bxc3 Rf6 38. a4 Kf7 39. Rd7+ Kf8 40. Kf2 Rg6 41. Rh7 1/2-1/2

[Event "Essen-Katernberg II - Bochum"]
[Site "?"]
[Date "2024.01.28"]
[Round "5.1"]
[White "Zatonskih, Anna"]
[Black "Bee, Marcus"]
[Result "1-0"]
[WhiteElo "2347"]
[BlackElo "2211"]
[PlyCount "73"]
[EventDate "2024.??.??"]
[SourceVersionDate "2023.09.04"]

1. d4 g6 2. g3 Bg7 3. Bg2 d6 4. Nf3 e5 5. dxe5 dxe5 6. Qxd8+ Kxd8 7. O-O c6 8. Nc3 Kc7 9. b4 Be6 10. Rd1 Nd7 11. b5 Ngf6 12. a4 h6 13. a5 Nd5 14. Nxd5+ cxd5 15. Bb2 Rhd8 16. c4 dxc4 17. a6 b6 18. Nd2 Rac8 19. Bb7 Rb8 20. Nxc4 Bxc4 21. Rdc1 Nc5 22. Rxc4 Rd2 23. Bc3 Rbd8 24. Bxd2 Rxd2 25. Kf1 e4 26. Rac1 f5 27. Bc6 h5 28. Ke1 Ra2 29. Be8 e3 30. Bxg6 exf2+ 31. Kxf2 Kd6 32. Bxf5 Kd5 33. R4c2 Ra3 34. Rd1+ Bd4+ 35. e3 Rxe3 36. Rxd4+ Kxd4 37. Rd2+ 1-0

[Event "Essen-Katernberg II - Bochum"]
[Site "?"]
[Date "2024.01.28"]
[Round "5.2"]
[White "Scheck, Kyrill"]
[Black "Friedmann, Rafael"]
[Result "0-1"]
[WhiteElo "2113"]
[BlackElo "2415"]
[PlyCount "72"]
[EventDate "2024.??.??"]
[SourceVersionDate "2023.09.04"]

1. e4 c5 2. Nf3 d6 3. Bb5+ Nd7 4. O-O Ngf6 5. Re1 a6 6. Bf1 b6 7. d4 cxd4 8. Qxd4 e5 9. Qd1 Bb7 10. Bc4 Rc8 11. Bb3 h6 12. Nc3 Be7 13. Nh4 g6 14. Nf3 Kf8 15. Nd5 Nxd5 16. Bxd5 Bxd5 17. Qxd5 Rxc2 18. b3 Kg7 19. Qd3 Qc8 20. Ba3 Rd8 21. Rac1 Rxc1 22. Rxc1 Qb7 23. Qc4 d5 24. Qa4 Bxa3 25. Qxa3 dxe4 26. Nd2 Nc5 27. Nc4 Nd3 28. Rf1 b5 29. Qa5 bxc4 30. Qxd8 c3 31. Qa5 Qc6 32. f3 e3 33. Rc1 e2 34. h3 Nxc1 35. Qxe5+ Kg8 36. Qb8+ Kh7 0-1

[Event "Essen-Katernberg II - Bochum"]
[Site "?"]
[Date "2024.01.28"]
[Round "5.3"]
[White "Jugelt, Tobias"]
[Black "Irkilmez, Yakub"]
[Result "1-0"]
[WhiteElo "2380"]
[BlackElo "2136"]
[PlyCount "39"]
[EventDate "2024.??.??"]
[SourceVersionDate "2023.09.04"]

1. d4 d5 2. c3 Nf6 3. Nf3 c5 4. dxc5 a5 5. b4 axb4 6. cxb4 b6 7. cxb6 Qxb6 8. a3 e5 9. Bb2 e4 10. Nd4 Be7 11. e3 h5 12. Nc3 Bg4 13. Bb5+ Kf8 14. Qb3 Be6 15. Rc1 h4 16. h3 Rh5 17. Nce2 g5 18. Qc3 Rh7 19. Qc7 Qxc7 20. Rxc7 1-0

[Event "Essen-Katernberg II - Bochum"]
[Site "?"]
[Date "2024.01.28"]
[Round "5.4"]
[White "Meyer, Armin"]
[Black "Illner, Achim"]
[Result "1/2-1/2"]
[WhiteElo "2182"]
[BlackElo "2440"]
[PlyCount "81"]
[EventDate "2024.??.??"]
[SourceVersionDate "2023.09.04"]

1. Nf3 d5 2. e3 Nf6 3. c4 e6 4. b3 Be7 5. Nc3 O-O 6. Bb2 b6 7. cxd5 exd5 8. d4 Bb7 9. Bd3 Nbd7 10. O-O Re8 11. Rc1 a6 12. Ne2 Bd6 13. Qc2 Rc8 14. Bf5 g6 15. Bh3 Ne4 16. Ne5 f5 17. Nxd7 Qxd7 18. g3 c5 19. Qd3 c4 20. Qd1 b5 21. Bg2 b4 22. Rc2 a5 23. Nf4 Qf7 24. f3 Nf6 25. Re1 g5 26. Nh3 Qg6 27. Nf2 c3 28. Bc1 Ba6 29. Bf1 Bxf1 30. Kxf1 Rc7 31. Qd3 Rce7 32. Rce2 Bc7 33. a3 g4 34. f4 Rb8 35. axb4 axb4 36. Ra2 Ne4 37. Nxe4 Rxe4 38. Ree2 Qc6 39. Ra6 Bb6 40. Rea2 Kf7 41. R2a4 1/2-1/2

[Event "Essen-Katernberg II - Bochum"]
[Site "?"]
[Date "2024.01.28"]
[Round "5.5"]
[White "Golovanj, Andrej"]
[Black "Villwock, Martin"]
[Result "0-1"]
[WhiteElo "2296"]
[BlackElo "2081"]
[PlyCount "110"]
[EventDate "2024.??.??"]
[SourceVersionDate "2023.09.04"]

1. d4 d5 2. c4 c6 3. cxd5 cxd5 4. Nc3 Nc6 5. Bf4 e5 6. Bxe5 Nxe5 7. dxe5 d4 8. Ne4 Qb6 9. Nf3 Qxb2 10. Nd6+ Bxd6 11. exd6 Qc3+ 12. Nd2 Bd7 13. Rc1 Qa5 14. Rc4 Qd5 15. Qa1 Rc8 16. Rxc8+ Bxc8 17. Nb3 Qxd6 18. Qxd4 Qxd4 19. Nxd4 Nf6 20. e3 Ke7 21. Bd3 Rd8 22. Ke2 Bg4+ 23. Kd2 Rc8 24. Rb1 Rc7 25. Rb3 a6 26. h3 Bc8 27. Rc3 Rxc3 28. Kxc3 g6 29. Nc2 Be6 30. a3 Kd6 31. Kd4 Nd7 32. f4 Nc5 33. e4 Nxd3 34. Kxd3 Kc5 35. Kc3 a5 36. g4 b5 37. f5 Bc4 38. g5 Bf1 39. h4 Bg2 40. fxg6 hxg6 41. e5 Bd5 42. Ne3 Be4 43. Ng4 b4+ 44. axb4+ axb4+ 45. Kb3 Bd5+ 46. Ka4 b3 47. Ka3 Kd4 48. Kb2 Be6 49. Nf6 Kxe5 50. Kc3 Kf4 51. Nh7 Kg4 52. Kb2 Kxh4 53. Kc3 Kg4 54. Kb2 Kf5 55. Kc3 f6 0-1

[Event "Essen-Katernberg II - Bochum"]
[Site "?"]
[Date "2024.01.28"]
[Round "5.6"]
[White "Gassmann, Volker"]
[Black "Zozulia, Anna"]
[Result "0-1"]
[WhiteElo "2100"]
[BlackElo "2217"]
[PlyCount "54"]
[EventDate "2024.??.??"]
[SourceVersionDate "2023.09.04"]

1. d4 Nf6 2. c4 d6 3. Nf3 Nbd7 4. Nc3 e5 5. e3 g6 6. Be2 Bg7 7. O-O O-O 8. Re1 Re8 9. Qc2 c6 10. b3 Qc7 11. Bb2 Nf8 12. dxe5 dxe5 13. h3 Bf5 14. e4 Bd7 15. c5 Ne6 16. Nd1 Nd4 17. Nxd4 exd4 18. Bf3 Nd5 19. Qd2 Qe5 20. Rc1 Qf4 21. Qxf4 Nxf4 22. Rc4 Nd3 23. Re2 Be6 24. Rcc2 Nb4 25. Rcd2 Nxa2 26. Bxd4 Nc1 27. Re3 Nxb3 0-1

[Event "Essen-Katernberg II - Bochum"]
[Site "?"]
[Date "2024.01.28"]
[Round "5.7"]
[White "Golinka, Oleksandr"]
[Black "Dahm, Bernd"]
[Result "1-0"]
[WhiteElo "2194"]
[BlackElo "2090"]
[PlyCount "83"]
[EventDate "2024.??.??"]
[SourceVersionDate "2023.09.04"]

1. e4 e6 2. d4 d5 3. Nd2 Nf6 4. e5 Nfd7 5. Bd3 c5 6. c3 b6 7. Qe2 cxd4 8. cxd4 Nc6 9. Ndf3 Nb4 10. Bb1 Ba6 11. Qd1 Qc7 12. a3 Nc6 13. Bd2 Be7 14. Ne2 f6 15. exf6 Bxf6 16. O-O O-O 17. Bf4 Qb7 18. Bd6 Rfe8 19. Re1 Bxe2 20. Rxe2 Nd8 21. Qd3 g6 22. Ba2 Nf7 23. Bg3 Rac8 24. Rae1 Nf8 25. h4 Qd7 26. Bb3 Nh6 27. Qa6 Red8 28. Ne5 Qg7 29. Qd3 Nf5 30. h5 gxh5 31. Bf4 Nh4 32. Qh3 Nhg6 33. Bh2 h4 34. Qd3 Bg5 35. Qf3 Bf6 36. Qh5 Qb7 37. Re3 Qg7 38. Rf3 Re8 39. Ng4 Nd7 40. Ba4 Bxd4 41. Nh6+ Kh8 42. Nf7+ 1-0

[Event "Essen-Katernberg II - Bochum"]
[Site "?"]
[Date "2024.01.28"]
[Round "5.8"]
[White "Dette, Jan"]
[Black "Zatonskih, Vitaly"]
[Result "1-0"]
[WhiteElo "2064"]
[BlackElo "2133"]
[PlyCount "37"]
[EventDate "2024.??.??"]
[SourceVersionDate "2023.09.04"]

1. e4 c5 2. Nf3 d6 3. d4 cxd4 4. Nxd4 Nf6 5. Nc3 e5 6. Bb5+ Nbd7 7. Nf5 a6 8. Ba4 b5 9. Bb3 Nb6 10. Bg5 Bxf5 11. exf5 Be7 12. Bxf6 Bxf6 13. Qf3 O-O 14. O-O-O Nc4 15. Ne4 Be7 16. Rd5 Nb6 17. Rd3 Ra7 18. f6 gxf6 19. Qh5 1-0

[Event "Porz II - Essen- Katernberg"]
[Site "?"]
[Date "2024.01.28"]
[Round "5.1"]
[White "Siebrecht, Sebastian"]
[Black "Pauly, Carlo"]
[Result "1-0"]
[WhiteElo "2365"]
[BlackElo "2314"]
[PlyCount "53"]
[EventDate "2024.??.??"]
[SourceVersionDate "2023.09.04"]

1. d4 Nf6 2. c4 g6 3. h4 c5 4. d5 d6 5. Nc3 e5 6. e4 h5 7. Nf3 Bg4 8. Qa4+ Bd7 9. Qb3 Bc8 10. Be2 Nbd7 11. Ng5 Be7 12. g3 Nh7 13. f4 a6 14. a4 Bf6 15. Bd2 exf4 16. gxf4 Bd4 17. O-O-O O-O 18. Qc2 Nhf6 19. Rdf1 b5 20. e5 b4 21. e6 bxc3 22. bxc3 Qb6 23. cxd4 cxd4 24. Rhg1 Rb8 25. Nxf7 d3 26. Rxg6+ Kh7 27. Bxd3 1-0

[Event "Porz II - Essen-Katernberg"]
[Site "?"]
[Date "2024.01.28"]
[Round "5.2"]
[White "Gallasch, Jonas"]
[Black "Kueppers, Timo"]
[Result "1/2-1/2"]
[WhiteElo "2320"]
[BlackElo "2198"]
[PlyCount "124"]
[EventDate "2024.??.??"]
[SourceVersionDate "2023.09.04"]

1. d4 Nf6 2. c4 e6 3. Nf3 c5 4. d5 exd5 5. cxd5 d6 6. Nc3 g6 7. Bf4 Bg7 8. Qa4+ Bd7 9. Qb3 b5 10. Bxd6 Qb6 11. Be5 O-O 12. e3 c4 13. Qd1 b4 14. Nb1 Rc8 15. Be2 Bb5 16. O-O Nbd7 17. Bd4 Qd6 18. a4 Ba6 19. e4 Nxe4 20. Bxg7 Kxg7 21. Qd4+ Ndf6 22. Nbd2 Nxd2 23. Nxd2 Qxd5 24. Qxd5 Nxd5 25. Rac1 Nf4 26. Bxc4 Bxc4 27. Rxc4 Rxc4 28. Nxc4 Rc8 29. Ne3 b3 30. g3 Nd3 31. Rd1 Nxb2 32. Rb1 Nxa4 33. Rxb3 Rc1+ 34. Kg2 Nc5 35. Ra3 a6 36. Nd5 Rd1 37. Nb4 Rd2 38. Kf3 f5 39. Ke3 Rb2 40. Ra5 f4+ 41. gxf4 Rb3+ 42. Ke2 Rxb4 43. Rxc5 Rxf4 44. Ra5 Rf6 45. Ke3 Kf7 46. f4 Ke7 47. h4 h5 48. Ke4 Re6+ 49. Kf3 Kd7 50. f5 Rf6 51. Ke4 gxf5+ 52. Ke5 Rb6 53. Kf4 Ke7 54. Kg5 Rf6 55. Re5+ Kf7 56. Rc5 Kg7 57. Rc7+ Rf7 58. Rc6 f4 59. Rxa6 f3 60. Ra1 Kh7 61. Rf1 Rg7+ 62. Kf4 Rg4+ 1/2-1/2

[Event "Porz II - Essen-Katernberg"]
[Site "?"]
[Date "2024.01.28"]
[Round "5.3"]
[White "Schimnatkowski, Lukas"]
[Black "Malykin, Vitaly"]
[Result "1/2-1/2"]
[WhiteElo "2161"]
[BlackElo "2341"]
[PlyCount "46"]
[EventDate "2024.??.??"]
[SourceVersionDate "2023.09.04"]

1. e4 g6 2. d4 Bg7 3. Nf3 d6 4. h3 Nf6 5. Nc3 O-O 6. Be3 a6 7. a4 Nc6 8. Bc4 e6 9. Bb3 b6 10. O-O Bb7 11. d5 exd5 12. exd5 Ne7 13. Qd2 Qd7 14. Bc4 Nf5 15. Bg5 h6 16. Bf4 c6 17. Rfd1 cxd5 18. Nxd5 Nxd5 19. Bxd5 Bxd5 20. Qxd5 Bxb2 21. Ra2 Bg7 22. g4 Ne7 23. Qxd6 Qb7 1/2-1/2

[Event "Porz II - Essen-Katernberg"]
[Site "?"]
[Date "2024.01.28"]
[Round "5.4"]
[White "Schmidt, Bodo"]
[Black "Wessendorf, Thomas"]
[Result "1/2-1/2"]
[WhiteElo "2258"]
[BlackElo "2267"]
[PlyCount "46"]
[EventDate "2024.??.??"]
[SourceVersionDate "2023.09.04"]

1. d4 Nf6 2. Nf3 c5 3. d5 e6 4. Nc3 d6 5. e4 exd5 6. exd5 Be7 7. Bb5+ Bd7 8. a4 O-O 9. O-O a6 10. Bxd7 Nbxd7 11. h3 Re8 12. Re1 Bf8 13. Rxe8 Qxe8 14. Bf4 Ne4 15. Qd3 Nxc3 16. bxc3 Nf6 17. Nd2 b5 18. axb5 axb5 19. Rxa8 Qxa8 20. c4 bxc4 21. Nxc4 Nxd5 22. Bxd6 Qa1+ 23. Kh2 Bxd6+ 1/2-1/2

[Event "Porz II - Essen-Katernberg"]
[Site "?"]
[Date "2024.01.28"]
[Round "5.5"]
[White "Gruenter, Martin"]
[Black "Gluma, Christian"]
[Result "1-0"]
[WhiteElo "2235"]
[BlackElo "2256"]
[PlyCount "69"]
[EventDate "2024.??.??"]
[SourceVersionDate "2023.09.04"]

1. e4 g6 2. d4 Bg7 3. Nc3 c6 4. Nf3 d5 5. h3 Nf6 6. e5 Ne4 7. Nxe4 dxe4 8. Ng5 c5 9. dxc5 Qc7 10. e6 f6 11. Nxe4 Bxe6 12. Bb5+ Nc6 13. Qe2 Bd5 14. O-O O-O 15. Rd1 Rfd8 16. Rxd5 Rxd5 17. Bc4 Qe5 18. Nxf6+ Qxf6 19. Bxd5+ Kh8 20. c3 Rd8 21. Bf3 Qf5 22. Be3 Qf7 23. Rd1 Rb8 24. Bd5 Qf5 25. Qd3 Qf6 26. Bxc6 bxc6 27. Qd8+ Qf8 28. Qc7 Bf6 29. Qxc6 Rxb2 30. Qe6 Rb7 31. c6 Rc7 32. Bf4 Qc8 33. Qxc8+ Rxc8 34. c7 e6 35. Rb1 1-0

[Event "Porz II - Essen-Katernberg"]
[Site "?"]
[Date "2024.01.28"]
[Round "5.6"]
[White "Sabirov, Rafael"]
[Black "Rosen, Bernd"]
[Result "1-0"]
[WhiteElo "2153"]
[BlackElo "2301"]
[PlyCount "95"]
[EventDate "2024.??.??"]
[SourceVersionDate "2023.09.04"]

1. e4 e6 2. d4 d5 3. Nc3 Nf6 4. e5 Nfd7 5. f4 c5 6. Nf3 Nc6 7. Be3 Be7 8. Qd2 O-O 9. dxc5 Qa5 10. a3 Nxc5 11. Nd4 Nxd4 12. Bxd4 Qc7 13. O-O-O Bd7 14. Kb1 Ne4 15. Nxe4 dxe4 16. Qe3 b5 17. Qxe4 Bc6 18. Qe3 b4 19. axb4 Bxb4 20. Bd3 Bd5 21. h4 Rfc8 22. Qe2 Rab8 23. Rh3 Qa5 24. c4 Bc6 25. Bc2 Ba4 26. b3 Be7 27. Qe4 g6 28. Bb2 Bc6 29. Qe2 Rd8 30. h5 Rxd1+ 31. Qxd1 Rd8 32. Qc1 Qd2 33. hxg6 Qxc1+ 34. Bxc1 hxg6 35. g4 a5 36. Rg3 Bh4 37. Rd3 Rb8 38. Bd2 Ra8 39. Rd6 Bf3 40. f5 gxf5 41. gxf5 exf5 42. Bxf5 Bd1 43. Kb2 a4 44. b4 Bb3 45. c5 Bg3 46. Bc3 Bc4 47. c6 a3+ 48. Ka1 1-0

[Event "Porz II - Essen-Katernberg"]
[Site "?"]
[Date "2024.01.28"]
[Round "5.7"]
[White "Korchynskyi, Mykola"]
[Black "Kruse, Victor"]
[Result "1-0"]
[WhiteElo "2223"]
[BlackElo "1997"]
[PlyCount "79"]
[EventDate "2024.??.??"]
[SourceVersionDate "2023.09.04"]

1. d4 d5 2. c4 c6 3. cxd5 cxd5 4. Bf4 Nf6 5. Nc3 Nc6 6. e3 a6 7. Bd3 Bg4 8. Nge2 e6 9. O-O Bd6 10. f3 Bh5 11. Rc1 O-O 12. Na4 e5 13. Bg5 exd4 14. Nxd4 Nxd4 15. exd4 h6 16. Bh4 g5 17. Bg3 Bxg3 18. hxg3 Bg6 19. Bxg6 fxg6 20. Re1 Re8 21. Qd3 Rxe1+ 22. Rxe1 Kf7 23. Qb3 Qc7 24. Nc5 b5 25. Nd3 Rc8 26. Ne5+ Kg7 27. Qd3 Qc2 28. Qa3 Rc7 29. Qd6 a5 30. Nc6 Rf7 31. Re7 Qb1+ 32. Kh2 Qf5 33. Rxf7+ Kxf7 34. Ne5+ Ke8 35. Qc6+ Kf8 36. Qa8+ Ke7 37. Qxa5 g4 38. Qc7+ Ke8 39. Qf7+ Kd8 40. Nc6+ 1-0

[Event "Porz II - Essen-Katernberg"]
[Site "?"]
[Date "2024.01.28"]
[Round "5.8"]
[White "Gallasch, Robin"]
[Black "Sauer, Bernd"]
[Result "1-0"]
[WhiteElo "2086"]
[BlackElo "1861"]
[PlyCount "95"]
[EventDate "2024.??.??"]
[SourceVersionDate "2023.09.04"]

1. e4 c6 2. d4 d5 3. e5 Bf5 4. h4 h5 5. Bd3 Bxd3 6. Qxd3 e6 7. Bg5 Be7 8. Nf3 Nh6 9. Nbd2 Nf5 10. g3 Nd7 11. Bxe7 Qxe7 12. O-O O-O 13. b3 b5 14. c4 bxc4 15. bxc4 Rab8 16. Rab1 Rxb1 17. Rxb1 Rb8 18. Rxb8+ Nxb8 19. cxd5 cxd5 20. Qb5 Nd7 21. Nb3 Nb6 22. a4 Qd7 23. Qxd7 Nxd7 24. a5 Kf8 25. Kf1 Ke8 26. Ke2 Kd8 27. Kd3 Kc7 28. Ng5 Nh6 29. Kc3 Kc6 30. Kb4 a6 31. f3 Nb8 32. Nc5 Kc7 33. Ncxe6+ fxe6 34. Nxe6+ Kd7 35. Nxg7 Nc6+ 36. Kc5 Nxa5 37. Nxh5 Ke6 38. Nf4+ Kd7 39. g4 Ng8 40. h5 Ne7 41. h6 Nb3+ 42. Kb4 Nxd4 43. h7 Nec6+ 44. Ka4 Nxf3 45. h8=Q Nfxe5 46. Qg7+ Kd6 47. Qf8+ Kc7 48. Nxd5+ 1-0

[Event "Brackel - Wattenscheid"]
[Site "?"]
[Date "2024.01.28"]
[Round "5.1"]
[White "Koscielski, Janusz"]
[Black "Fiebig, Thomas"]
[Result "1/2-1/2"]
[WhiteElo "2261"]
[BlackElo "2412"]
[PlyCount "83"]
[EventDate "2024.??.??"]
[SourceVersionDate "2023.09.04"]

1. d4 d5 2. c4 c6 3. Nc3 Nf6 4. e3 e6 5. Nf3 Nbd7 6. Be2 Bd6 7. O-O O-O 8. b3 b6 9. Bb2 Bb7 10. Bd3 Qe7 11. Re1 Rad8 12. e4 dxe4 13. Nxe4 Nxe4 14. Bxe4 Nf6 15. Bc2 Ba3 16. Bxa3 Qxa3 17. Qe2 c5 18. dxc5 Qxc5 19. Rad1 Qh5 20. Rxd8 Rxd8 21. Rd1 Rc8 22. Rd3 g6 23. Qe5 Qxe5 24. Nxe5 Be4 25. Rd2 Bxc2 26. Rxc2 Kf8 27. Kf1 Ke7 28. Ke2 Ne4 29. f3 Nd6 30. Rd2 a5 31. g4 f6 32. Nd3 g5 33. Ke3 h5 34. h3 Rh8 35. c5 bxc5 36. Nxc5 hxg4 37. hxg4 f5 38. gxf5 Nxf5+ 39. Ke4 Nd6+ 40. Ke3 Nf5+ 41. Ke4 Nd6+ 42. Ke3 1/2-1/2

[Event "Brackel - Wattenscheid"]
[Site "?"]
[Date "2024.01.28"]
[Round "5.2"]
[White "Luft, Dennis"]
[Black "Schiffer, Kai-Uwe"]
[Result "0-1"]
[WhiteElo "2310"]
[BlackElo "2261"]
[PlyCount "80"]
[EventDate "2024.??.??"]
[SourceVersionDate "2023.09.04"]

1. Nf3 c5 2. g3 Nc6 3. Bg2 e5 4. e4 g6 5. d3 Bg7 6. Be3 d6 7. Qd2 Nge7 8. Bh6 O-O 9. Bxg7 Kxg7 10. Nc3 Nd4 11. Nd1 Bh3 12. O-O Nxf3+ 13. Bxf3 Bxf1 14. Kxf1 d5 15. exd5 Nxd5 16. Nc3 Nxc3 17. Qxc3 Qc7 18. Re1 Rfe8 19. Bd5 Rad8 20. Qb3 b6 21. c4 h5 22. Qc3 h4 23. gxh4 Qe7 24. h5 gxh5 25. Bc6 Rd4 26. Bxe8 Qxe8 27. Re3 Qe6 28. Rg3+ Kf8 29. Qe1 Qf5 30. Qe3 Rf4 31. Ke2 h4 32. Rg2 f6 33. a3 Kf7 34. b4 e4 35. bxc5 bxc5 36. d4 Ke6 37. dxc5 Rf3 38. Qc1 Qxc5 39. h3 Rxa3 40. Qc2 Qf5 0-1

[Event "Brackel - Wattenscheid"]
[Site "?"]
[Date "2024.01.28"]
[Round "5.3"]
[White "Wengenroth, Walter"]
[Black "Fluechter, Gregor"]
[Result "1/2-1/2"]
[WhiteElo "2239"]
[BlackElo "2289"]
[PlyCount "59"]
[EventDate "2024.??.??"]
[SourceVersionDate "2023.09.04"]

1. e4 e5 2. Nf3 Nf6 3. Nxe5 d6 4. Nf3 Nxe4 5. d4 d5 6. Bd3 Nc6 7. O-O Be7 8. c4 Nb4 9. Be2 O-O 10. Nc3 Bf5 11. a3 Nxc3 12. bxc3 Nc6 13. cxd5 Qxd5 14. c4 Qd7 15. Ra2 Bf6 16. d5 Ne7 17. Bf4 Rad8 18. Ne5 Qc8 19. Ng4 Bxg4 20. Bxg4 Qb8 21. Rd2 Ng6 22. Bg3 Be7 23. Qf3 Bd6 24. Re2 Rde8 25. Rfe1 Rxe2 26. Rxe2 Re8 27. a4 b6 28. Bh5 Bxg3 29. hxg3 Qd8 30. Bxg6 1/2-1/2